Catálogo

Cómo hacer que funcione el sistema presidencial = (Registro nro. 44806)

Detalles MARC
000 -LEADER
fixed length control field 01518cam a2200421 i 4500
001 - CONTROL NUMBER
control field 44806
003 - CONTROL NUMBER IDENTIFIER
control field Mx-PuUPA
005 - DATE AND TIME OF LATEST TRANSACTION
control field 20260305115847.0
008 - FIXED-LENGTH DATA ELEMENTS--GENERAL INFORMATION
fixed length control field 140415s2009 mx gr 000 0 spa d
020 ## - INTERNATIONAL STANDARD BOOK NUMBER
International Standard Book Number 9786070210853
040 ## - CATALOGING SOURCE
Original cataloging agency Mx-PuUPA
Language of cataloging spa
Transcribing agency Mx-PuUPA
Modifying agency Mx-PuUPA
Description conventions rda
041 1# - LANGUAGE CODE
Language code of text/sound track or separate title spa
-- eng
043 ## - GEOGRAPHIC AREA CODE
Geographic area code n-mx---
043 ## - GEOGRAPHIC AREA CODE
Geographic area code cl-----
245 00 - TITLE STATEMENT
Title Cómo hacer que funcione el sistema presidencial =
Remainder of title Making presidentialism work /
Statement of responsibility, etc. Andrew Ellis, J. Jesús Orozco Henríquez, Daniel Zovatto, coordinadores
246 3# - VARYING FORM OF TITLE
Title proper/short title Making presidentialism work.
250 ## - EDITION STATEMENT
Edition statement Primera edición
264 #1 - PRODUCTION, PUBLICATION, DISTRIBUTION, MANUFACTURE, AND COPYRIGHT NOTICE
Place of production, publication, distribution, manufacture México, D.F. :
Name of producer, publisher, distributor, manufacturer Universidad Nacional Autónoma de México,
Date of production, publication, distribution, manufacture, or copyright notice ©2009
300 ## - PHYSICAL DESCRIPTION
Extent xvii, 541 páginas ;
Dimensions 23 cm
336 ## - CONTENT TYPE
Fuente rdacontent
Content type term texto
Content type code txt
337 ## - MEDIA TYPE
Source rdamedia
Media type term sin medio
Media type code n
338 ## - CARRIER TYPE
Source rdacarrier
Carrier type term volumen
Carrier type code nc
490 0# - SERIES STATEMENT
Series statement Serie 532
546 ## - LANGUAGE NOTE
Language note Texto bilingüe: español e inglés.
610 2# - SUBJECT ADDED ENTRY--CORPORATE NAME
Corporate name or jurisdiction name as entry element Poder ejecutivo
Geographic subdivision América Latina
Form subdivision Congresos
610 2# - SUBJECT ADDED ENTRY--CORPORATE NAME
Corporate name or jurisdiction name as entry element Poder legislativo
610 2# - SUBJECT ADDED ENTRY--CORPORATE NAME
Corporate name or jurisdiction name as entry element Poder ejecutivo
Geographic subdivision México
Form subdivision Congresos
650 #7 - SUBJECT ADDED ENTRY--TOPICAL TERM
Source of heading or term Gobierno comparado
Form subdivision Congresos
650 #7 - SUBJECT ADDED ENTRY--TOPICAL TERM
Source of heading or term armarc
Topical term or geographic name entry element Presidentes
Geographic subdivision América Latina
Form subdivision Congresos
650 #7 - SUBJECT ADDED ENTRY--TOPICAL TERM
Source of heading or term armarc
Topical term or geographic name entry element Presidentes
Geographic subdivision México
Form subdivision Congresos
650 #7 - SUBJECT ADDED ENTRY--TOPICAL TERM
Source of heading or term armarc
Topical term or geographic name entry element Derecho constitucional
700 1# - ADDED ENTRY--PERSONAL NAME
Personal name Ellis, Andrew,
Relator term autor
700 1# - ADDED ENTRY--PERSONAL NAME
Personal name Orozco Henríquez, J. Jesús,
Relator term autor
700 1# - ADDED ENTRY--PERSONAL NAME
Personal name Zovatto, Daniel,
Relator term autor
942 ## - ADDED ENTRY ELEMENTS (KOHA)
Source of classification or shelving scheme Dewey Decimal Classification
Koha item type Libro
Classification part 321.8042
Item part C72
Existencias
Withdrawn status Lost status Source of classification or shelving scheme Damaged status Not for loan Collection code Home library Current library Shelving location Date acquired Total Checkouts Full call number Barcode Date last seen Price effective from Koha item type
    Dewey Decimal Classification     General Tehuacán Tehuacán Sala general 05/03/2026   321.8042 C72 2009 968000002728 10/03/2026 05/03/2026 Libro